Statistiques concernant Bus 92 RATP (Paris)

Cliquez ici pour prendre le quiz!

Statistiques générales

  • Ce quiz a été pris 28 fois
  • Le résultat moyen est 15 sur 30

Statistiques - réponses

DirectionArrêt% Correct
TERMINUSPorte de Champerret
94%
TERMINUSPorte d'Orléans
83%
-Gare Montparnasse
72%
Porte de ChamperretPereire
72%
-Alma-Marceau
61%
-Duroc
61%
-École Militaire
61%
-Saint-François-Xavier
61%
-Charles de Gaulle-Étoile-Marceau
56%
-Gaîté
56%
-Alésia-Général Leclerc
50%
-Bosquet-Rapp
50%
-Charles de Gaulle-Étoile-Mac Mahon
50%
-Oudinot
50%
-Mairie du 14e
44%
-Ternes-Mac Mahon
44%
-Alésia-Maine
39%
-Bassano
39%
-Château-Mairie du 14e
39%
-Losserand-Maine
39%
-Maine-Vaugirard
39%
Porte d'OrléansPereire-Le Châtelier
39%
-Pierre Demours
39%
-Vauban-Hôtel des Invalides
39%
-Bosquet-Grenelle
33%
-Bosquet-Saint Dominique
33%
-Marceau-Pierre 1er de Serbie-Place de Beyrouth
33%
-Montparnasse-Alençon
33%
-Montparnasse-Rue du Départ
33%
Toutes directions confonduesPereire-Maréchal Juin
33%

Distribution des résultats

Percentile par nombre de réponses

% des personnes avec chaque résultat

Votre développement - résultats

Vous n’avez pas pris ce quiz